Manual de derecho internacional público y privado... : con extensas notas y un bosquejo del derecho internacional privado español / (Record no. 185923)

MARC details
000 -LEADER
campo de control de longitud fija 00836nam a2200193 i 4500
001 - NÚMERO DE CONTROL
campo de control 185923
003 - IDENTIFICADOR DE NÚMERO DE CONTROL
campo de control ES-MaACL
005 - FECHA Y HORA DE LA ÚLTIMA TRANSACCIÓN
campo de control 20251010183235.0
008 - DATOS DE LONGITUD FIJA--INFORMACIÓN GENERAL
campo de control de longitud fija 160823s1886 sp |||| | spa d
100 1# - ENTRADA PRINCIPAL--NOMBRE DE PERSONA
Nombre de persona Olivart, Ramón María de Dalmau,
Títulos y otros términos asociados al nombre Marqués de,
Fechas asociadas al nombre 1861-1928
9 (RLIN) 130617
245 10 - MENCIÓN DEL TÍTULO
Título Manual de derecho internacional público y privado... : con extensas notas y un bosquejo del derecho internacional privado español /
Mención de responsabilidad, etc. por el marqués de Olivart ; y precedido de un prólogo de D. Rafael Conde y Luque.
260 ## - PUBLICACIÓN, DISTRIBUCIÓN, ETC.
Lugar de publicación, distribución, etc. Madrid :
Nombre del editor, distribuidor, etc. Fernando Fe,
Fecha de publicación, distribución, etc. 1886.
300 ## - DESCRIPCIÓN FÍSICA
Extensión 852 p. ;
Dimensiones 22 cm.
650 07 - PUNTO DE ACCESO ADICIONAL DE MATERIA--TÉRMINO DE MATERIA
Término de materia o nombre geográfico como elemento de entrada Derecho internacional privado
Fuente del encabezamiento o término embne
9 (RLIN) 11721
650 07 - PUNTO DE ACCESO ADICIONAL DE MATERIA--TÉRMINO DE MATERIA
Término de materia o nombre geográfico como elemento de entrada Derecho internacional público
Fuente del encabezamiento o término embne
9 (RLIN) 11723
700 1# - ENTRADA AGREGADA--NOMBRE PERSONAL
Nombre de persona Conde y Luque, Rafael,
Fechas asociadas al nombre 1835-1922
9 (RLIN) 40134
852 ## - LOCALIZACIÓN
Ubicación ES-MaACL
Número de control de estantería G-15014
Holdings
Estatus retirado Estado de pérdida Estado de daño No para préstamo Colección Biblioteca de origen Biblioteca actual Ubicación en estantería Fecha de adquisición Fuente de adquisición Total de préstamos Signatura topográfica completa Código de barras Visto por última vez Precio de reemplazo Tipo de ítem Koha
        Libros del s. XIX Biblioteca del Ateneo de Madrid Biblioteca del Ateneo de Madrid Sala Pecera Planta 3 23/08/2016     G-15014 1195999 23/02/2023 23/02/2023 Libro impreso antiguo